| 000 | 00597nam a2200217Ia 4500 | ||
|---|---|---|---|
| 008 | 131103s9999 xx 000 0 und d | ||
| 040 | _aLoreto College | ||
| 041 | _aEnglish | ||
| 082 |
_a937/MER _bLCLIB/2577 |
||
| 100 | _aMerivale,Charles | ||
| 245 |
_aHistory of Rome _cCharles Merivale |
||
| 260 |
_aLondon _bJ.M.Dent & Sons _c1911 (1937 printing) |
||
| 300 |
_axvi,560 p. _c 17 cm. |
||
| 440 | _aEveryman's Library | ||
| 504 | _aIncludes index | ||
| 650 | _aAncient History | ||
| 651 | _aRome - Ancient History | ||
| 700 | _aRhys,Ernest,series ed. | ||
| 850 | _aLCLIB | ||
| 942 | _cBK | ||
| 999 |
_c8631 _d59110 |
||